Manchester United Top scorers every season since 2000 - Statistics

General Stats
  • This quiz has been taken 80 times
  • The average score is 23 of 25
Answer Stats
Year Answer % Correct
2007 Cristiano Ronaldo
100%
2008 Cristiano Ronaldo
100%
2009 Cristiano Ronaldo
100%
2022 Cristiano Ronaldo
100%
2023 Marcus Rashford
100%
2005 Wayne Rooney
99%
Wayne Rooney
99%
2010 Wayne Rooney
99%
2012 Wayne Rooney
99%
2014 Wayne Rooney
99%
2015 Wayne Rooney
99%
2021 Bruno Fernandes
96%
2017 Zlatan Ibrahimovic
93%
2002 Ruud Van Nistelrooy
91%
2003 Ruud Van Nistelrooy
91%
2004 Ruud Van Nistelrooy
91%
2006 Ruud Van Nistelrooy
91%
2013 Robin Van Persie
86%
2011 Dimitar Berbatov
84%
2016 Anthony Martial
83%
2020 Anthony Martial
83%
2018 Romelu Lukaku
77%
2024 Rasmus Hojlund
76%
2019 Paul Pogba
67%
2001 Teddy Sheringham
67%
No matching quizzes found
Score Distribution
Percent of People with Each Score
Percentile by Number Answered
Your Score History
You have not taken this quiz